| 000 | 00696nam a2200217Ia 4500 | ||
|---|---|---|---|
| 003 | GCL | ||
| 008 | 140319s9999 xx 000 0 ara d | ||
| 040 |
_aGCL / _cGCL |
||
| 082 | 0 | 4 |
_a940.531 _bت ا |
| 100 | 1 | _aتايلور، ا. ج . ب | |
| 245 | 1 | 0 |
_aاصول الحرب العالمية الثانية / _cتايلور، ا. ج . ب |
| 700 | 1 | _aمصطفى كمال خميس | |
| 700 | 1 | _aمحمد انيس (مراجع) | |
| 260 |
_a[S.N] : _bالهيئة المصرية العامة للكتاب ، _c1990 |
||
| 300 | _a313 ص | ||
| 490 | _a | ||
| 650 | 0 | 4 | _aتاريخ |
| 650 | 0 | 4 | _aاوربا |
| 650 | 0 | 4 | _aالحرب العالمية الثانية 1939 - 1945 |
| 942 |
_2ddc _cBK |
||
| 999 |
_c30824 _d30824 |
||